000 00313nam a22001337a 4500
008 170926b xxu||||| |||| 00| 0 eng d
020 _a9781591940043
041 _aeng
080 _a37
100 _a46
101 _aEDU
245 _aTEN STEPS TO IMRPOVING COLLEGE READING SKILLS
_cLANGAN, J
942 _2udc
_cBK
999 _c29843
_d29843